000 00609nam a22002177a 4500
003 UA-OsUOA
001 58631
007 ta
008 20090217b un ||||| |||| 00| 0 ukr d
100 _aДроздовський Д.
090 _a82
_bД75
942 _cSA
040 _aUA-OsUOA
_bukr
_cUA-OsUOA
_dUA-OsUOA
245 _aМіфосвіт Антонича: вічне повернення
300 _aС.111-112
955 _a0
041 _aukr
080 _a82
773 0 _w58630
_tСучасність
_dК.
_d2008
_g12
650 7 _a82 Література. Літературознавство
_2UDC
999 _c344872
_d344872